000 00386nam a2200157Ia 4500
008 230917s9999||||xx |||||||||||||| ||und||
040 _e200004
_aMAIN
041 _aEnglish
082 _a346.03 R187L(26)
100 _aRatanlal
245 0 _aLaw of torts
250 _a26th ed.
260 _aNagpur
_bLexisNexis Butterworths Wadhwa
_c2011
300 _aclxxix, 963 p.
942 _cBK
999 _c169361
_d169361